000 01340nam a2200349 a 4500
001 000113022
003 CHAP
005 20220329144333.0
008 170317s2016 mx sm |||||||spa d
010 _a109483
011 _a110455
040 _cCHAP
090 _aTesis
100 1 _aArpide Arias, Flor Esmeralda
_9131772
245 1 0 _aConservación de alcachofas (Cynara scolymus) en atmósfera modificada con microperforado
_h[En línea]
_cpor Flor Esmeralda Arpide Arias y Daniel Alejandro Nieves Aguilar.
260 _aChapingo, Méx. :
_bEl autor,
_c2016.
500 _aPara ver el contenido del material haga clic en la liga
502 _aTesis (Ing. Agroindustrial) -- UACH. Departamento de Ingeniería Agroindustrial
590 _aBATCH
_b00
_c20181121
_lUCH01
_h0758
590 _aE11695DGD
_b10
_c20170320
_lUCH01
_h1431
590 _aE5765TAJ
_b05
_c20170317
_lUCH01
_h1137
590 _aE5765TAJ
_b05
_c20170317
_lUCH01
_h1137
650 1 4 _aAlcachofa
_xConservación por frio.
_9131774
650 1 4 _aAlcachofa
_xTecnología postcosecha.
_9131775
650 1 4 _aAlmacenamiento en atmósfera controlada.
_94461
700 1 _aNieves Aguilar, Daniel Alejandro
_9131773
856 _a1
_n0000543
856 _aFinding aid
_uhttp://10.13.5.2/tesis/sist113022.pdf
_zTeclea aquí
901 _aBK
942 _cTESIS
942 _n0
999 _c109483
_d109483